Proceedings of international seminar, force multiplier technologies for naval and land warfare October 13-15, 1999, Vigyan Bhawan, New Delhi (Record no. 44480)

MARC details
000 -LEADER
fixed length control field 01088nam a2200241Ia 4500
008 - FIXED-LENGTH DATA ELEMENTS--GENERAL INFORMATION
fixed length control field 191130s1999##################000#0#eng##
020 ## - INTERNATIONAL STANDARD BOOK NUMBER
International Standard Book Number 8176491225
022 ## - INTERNATIONAL STANDARD SERIAL NUMBER
International Standard Serial Number 2003333606
040 ## - CATALOGING SOURCE
Original cataloging agency ACL
Transcribing agency ACL
082 ## - DEWEY DECIMAL CLASSIFICATION NUMBER
Classification number 355 DRD
100 ## - MAIN ENTRY--PERSONAL NAME
Personal name Vigyan Bhawan
245 ## - TITLE STATEMENT
Title Proceedings of international seminar, force multiplier technologies for naval and land warfare October 13-15, 1999, Vigyan Bhawan, New Delhi
Statement of responsibility, etc. [organized by] Defence Research and Development Organisation, Ministry of Defence
260 ## - PUBLICATION, DISTRIBUTION, ETC.
Place of publication, distribution, etc. New Delhi
Name of publisher, distributor, etc. Defence Research and Development Organisation, Viva Books
Date of publication, distribution, etc. c1999
300 ## - PHYSICAL DESCRIPTION
Extent 505 p. : ill. ; 24 cm
500 ## - GENERAL NOTE
General note Includes bibliographical references and index
650 ## - SUBJECT ADDED ENTRY--TOPICAL TERM
Topical term or geographic name entry element Military art and science
Topical term or geographic name entry element Military art and science - Congresses
Topical term or geographic name entry element Naval art and science - Congresses
710 ## - ADDED ENTRY--CORPORATE NAME
Corporate name or jurisdiction name as entry element Defence Research & Development Organisation (India), International Seminar, Force Multiplier Technologies for Naval and Land Warfare (1999 : New Delhi, India)
990 ## - EQUIVALENCES OR CROSS-REFERENCES [LOCAL, CANADA]
Link information for 9XX fields 36c00572ac10000c63047e5b5bf7b98b
991 ## -
-- 51164
Holdings
Withdrawn status Lost status Damaged status Not for loan Home library Current library Shelving location Date acquired Total Checkouts Full call number Barcode Date last seen Price effective from Koha item type
        Anna Centenary Library Anna Centenary Library 4TH FLOOR, A WING 09.10.2020   355 DRD 476826 09.10.2020 09.10.2020 Books

Find us on the map